000 00433 a2200181 4500
245 _aOstéopathies déminéralisantes : à l'exception des ostéopathies endocriniennes
100 _aEpiney, J.
700 _aCourvoisier, B.
700 _aMartin, E.
260 _c1969
300 _a63 p.
035 _a0319
035 _a0320
035 _a7885
999 _c17554
_d17554